Managing for the future : The 1990s and beyond

Bibliographic Details
Main Author: Drucker, Peter F
Format: Book
Published: Oxford : Butterworth Heinemann , 1992
Subjects:

MARC

LEADER 00000cam a2200000 7i4500
001 0000004455
002 000004794
005 20000330.0
020 |a 0750604921 
090 0 0 |a 658.406   |b DRU 
100 1 |a Drucker, Peter F 
245 0 0 |a Managing for the future :   |b The 1990s and beyond   |c by Peter F.Drucker 
260 |a Oxford :   |b Butterworth Heinemann ,   |c 1992 
300 |a 287p. ;   |c 23cm. 
650 0 0 |a Leadership 
650 0 0 |a Organizational change 
999 |a 029237   |b BUKU   |c PINJAMAN   |e PERPUSTAKAAN KOMUNITI PETALING JAYA